| 000 | 00486nam a2200169 4500 | ||
|---|---|---|---|
| 001 | 148873 | ||
| 003 | ES-MaACL | ||
| 005 | 20230906202841.0 | ||
| 007 | t| | ||
| 008 | 070214s1972 sp r ||||1| spa d | ||
| 100 | 1 |
_aSudbrack, Josef. _9108716 |
|
| 245 | 1 | 0 |
_aPrognosis de una futura espiritualidad / _cJosef Sudbrack ; traducción de Diorki. |
| 260 |
_aMadrid : _bStudium, _c1972. |
||
| 300 |
_a144 p. ; _c19 cm. |
||
| 710 | 2 |
_aDiorki. _93392 |
|
| 852 |
_aES-MaACL _jC-53069 _bR.85504 |
||
| 999 |
_c148873 _d148873 |
||